[Event "Reykjavik op"]
[Site "Reykjavik"]
[Date "2024.03.17"]
[Round "4"]
[White "Salzmann, Jan"]
[Black "Arndt, Uwe"]
[Result "0-1"]
[WhiteElo "1722"]
[BlackElo "1951"]
[PlyCount "147"]
[EventDate "2024.03.15"]
[EventType "swiss"]
[EventRounds "9"]
[EventCountry "ISL"]
[SourceTitle "CB13_2024"]
[SourceDate "2024.03.27"]
[SourceVersion "1"]
[SourceVersionDate "2024.03.27"]
[SourceQuality "1"]

1. e4 c6 2. d4 d5 3. e5 c5 4. Nf3 e6 5. Be3 Qb6 6. b3 Nc6 7. Be2 Bd7 8. 0-0 cxd4 9. Bxd4 Nxd4 10. Qxd4 Qxd4 11. Nxd4 a6 12. Nd2 Bb4 13. N2f3 Bc3 14. Rad1 Ne7 15. Rd3 Rc8 16. Rfd1 Ng6 17. Re3 Ke7 18. Bd3 Rc5 19. Ne2 Ba5 20. Nfd4 Bb6 21. g3 Rcc8 22. Kg2 Rhe8 23. f4 Kf8 24. h4 Ne7 25. Rf3 Kg8 26. g4 f6 27. exf6 gxf6 28. g5 fxg5 29. hxg5 e5 30. fxe5 Bxd4 31. Nxd4 Bg4 32. Bxh7+ Kxh7 33. Rh1+ Kg7 34. Rf4 Bd7 35. e6 Bc6 36. Rfh4 Rh8 37. Rxh8 Rxh8 38. Rxh8 Kxh8 39. Kg3 Be8 40. Kf4 Ng6+ 41. Kf5 Kg7 42. a4 Bc6 43. a5 Be8 44. c3 Bc6 45. b4 Ba4 46. Nf3 Bc2+ 47. Kg4 Bd1 48. Kg3 Bxf3 49. Kxf3 Kf8 50. Ke3 Ke7 51. Kd4 Kd6 52. c4 dxc4 53. Kxc4 Ne5+ 54. Kd4 Nf3+ 55. Kc4 Nxg5 56. e7 Kxe7 57. b5 Kd6 58. bxa6 bxa6 59. Kb4 Ne4 60. Ka4 Kc5 61. Ka3 Kb5 62. Kb3 Nc5+ 63. Ka3 Kxa5 64. Ka2 Kb4 65. Kb2 Na4+ 66. Ka2 a5 67. Ka1 Kb3 68. Kb1 Nc3+ 69. Ka1 Nd5 70. Kb1 Nb4 71. Ka1 a4 72. Kb1 a3 73. Ka1 Nc2+ 74. Kb1 0-1

[Event "Niedersachsen-ch op-B"]
[Site "Verden"]
[Date "2014.01.02"]
[Round "1"]
[White "Bassow, Diana"]
[Black "Salzmann, Jan"]
[Result "0-1"]
[WhiteElo "816"]
[BlackElo "1558"]
[PlyCount "32"]
[EventDate "2014.01.02"]
[EventType "swiss"]
[EventRounds "7"]
[EventCountry "GER"]
[SourceTitle "EXT 2016"]
[Source "ChessBase"]
[SourceDate "2015.10.08"]
[SourceVersion "1"]
[SourceVersionDate "2015.10.08"]
[SourceQuality "1"]

1. e4 e5 2. Nf3 Nc6 3. Nc3 d6 4. h3 Be7 5. Bb5 f5 6. exf5 Bxf5 7. d3 Nf6 8. Nd5 Nxd5 9. c4 Ndb4 10. Bd2 Nxd3+ 11. Kf1 0-0 12. b3 a6 13. Bxc6 bxc6 14. Ne1 Bh4 15. Nxd3 Bxd3+ 16. Ke1 Bxf2# 0-1

[Event "Niedersachsen-ch op-C"]
[Site "Verden"]
[Date "2013.01.05"]
[Round "5"]
[White "Schneider, Waldemar"]
[Black "Salzmann, Jan"]
[Result "0-1"]
[WhiteElo "1850"]
[BlackElo "1570"]
[PlyCount "76"]
[EventDate "2013.01.03"]
[EventType "swiss"]
[EventRounds "7"]
[EventCountry "GER"]
[SourceTitle "EXT 2021"]
[Source "ChessBase"]
[SourceDate "2020.10.23"]
[SourceVersion "1"]
[SourceVersionDate "2020.10.23"]
[SourceQuality "1"]

1. e4 e5 2. f4 exf4 3. Nf3 Be7 4. Bc4 Bh4+ 5. Kf1 d6 6. d4 Bg4 7. Bxf4 Qf6 8. Be3 Nc6 9. Nc3 0-0-0 10. Nd5 Qg6 11. Qd3 Bxf3 12. gxf3 Nf6 13. Nf4 Qh6 14. Ne6 Qh5 15. Ke2 fxe6 16. Bxe6+ Kb8 17. d5 Ne5 18. Bxa7+ Kxa7 19. Qe3+ Kb8 20. Rag1 g5 21. c4 g4 22. f4 g3+ 23. Kf1 Qf3+ 24. Qxf3 Nxf3 25. hxg3 Nxg1 26. Rxg1 Bxg3 27. Rxg3 Nxe4 28. Rg2 Rdf8 29. f5 h5 30. Ke2 h4 31. Kf3 h3 32. Rh2 Ng5+ 33. Kf4 Nf7 34. f6 Ne5 35. Kf5 Rh5+ 36. Ke4 Rxf6 37. Rxh3 Rxh3 38. Bxh3 Nxc4 0-1

[Event "Niedersachsen-ch op-C"]
[Site "Verden"]
[Date "2013.01.04"]
[Round "4"]
[White "Salzmann, Jan"]
[Black "Lai Hop, Long"]
[Result "1/2-1/2"]
[WhiteElo "1570"]
[BlackElo "1633"]
[PlyCount "116"]
[EventDate "2013.01.03"]
[EventType "swiss"]
[EventRounds "7"]
[EventCountry "GER"]
[SourceTitle "EXT 2021"]
[Source "ChessBase"]
[SourceDate "2020.10.23"]
[SourceVersion "1"]
[SourceVersionDate "2020.10.23"]
[SourceQuality "1"]

1. e4 c5 2. Nc3 d6 3. Be2 Nf6 4. d3 e6 5. Bg5 Be7 6. Qd2 0-0 7. h4 Re8 8. Rh3 Nfd7 9. Qf4 Bxg5 10. hxg5 Nf8 11. Qh4 a6 12. Nf3 b5 13. e5 d5 14. d4 b4 15. Na4 c4 16. Nc5 Nbd7 17. Nxd7 Bxd7 18. b3 Rc8 19. g6 Qxh4 20. gxf7+ Kxf7 21. Rxh4 a5 22. Ng5+ Kg8 23. Rf4 Re7 24. Kd2 h6 25. Nf3 Rf7 26. Rg4 Bb5 27. Ke3 a4 28. bxa4 Bxa4 29. Kd2 Rfc7 30. Rb1 Rb8 31. Rg3 Ra7 32. Ra1 Bc6 33. Nh4 b3 34. cxb3 cxb3 35. Bd1 b2 36. Rb1 Rxa2 37. Rb3 Rxb3 38. Bxb3 Ra7 39. Rxb2 g5 40. Nf3 Rf7 41. Ke3 Ng6 42. g3 Ne7 43. Bc2 Nf5+ 44. Bxf5 Rxf5 45. Rb8+ Rf8 46. Rxf8+ Kxf8 47. Nh2 h5 48. f4 g4 49. Nf1 Kg7 50. Kd2 Kg6 51. Ne3 Bb5 52. Ke1 Bd3 53. Kf2 Be4 54. Ke1 Bb1 55. Kf2 Ba2 56. Ke1 Bc4 57. Kf2 Ba6 58. Kg2 Bc8 1/2-1/2

[Event "Niedersachsen-ch op-C"]
[Site "Verden"]
[Date "2013.01.03"]
[Round "1"]
[White "Schroeer, Birgit"]
[Black "Salzmann, Jan"]
[Result "0-1"]
[WhiteElo "917"]
[BlackElo "1570"]
[PlyCount "30"]
[EventDate "2013.01.03"]
[EventType "swiss"]
[EventRounds "7"]
[EventCountry "GER"]
[SourceTitle "EXT 2021"]
[Source "ChessBase"]
[SourceDate "2020.10.23"]
[SourceVersion "1"]
[SourceVersionDate "2020.10.23"]
[SourceQuality "1"]

1. e4 e5 2. Nf3 d6 3. Bc4 f5 4. d3 f4 5. Nc3 Bg4 6. h3 Bh5 7. g3 Nc6 8. Bb5 Nge7 9. gxf4 a6 10. Bxc6+ Nxc6 11. Be3 exf4 12. Bxf4 Nd4 13. Bg5 Be7 14. Bf4 Nxf3+ 15. Kf1 Nh2+ 0-1